000 00383cam a2200145ua 4500
041 _aeng
_h
082 _a823.08
_bTUR/TE
100 _aTurnbull, Lucia .
245 _aTeacher`s omnibus of stories to tell /
_cLucia Turnbull.
_hTextual Documents
260 _aLondon :
_bOxford University Press ,
_c1960.
300 _a320 ; .
504 _a
942 _cBK
999 _c12657
_d12657